| 000 | 00749cam a22002412 4500 | ||
|---|---|---|---|
| 999 |
_c5656 _d5656 |
||
| 001 | 5656 | ||
| 003 | BD-JhCC | ||
| 005 | 20171219170003.0 | ||
| 008 | 830613s1967 ru a 000 0 eng | ||
| 035 | _a(BD-JhCC)5656 | ||
| 040 |
_aDLC _cCarP _dDLC _dBD-JhCC |
||
| 041 | _aeng | ||
| 050 | 0 | 0 |
_aVM147 _b.B4613 |
| 082 |
_a623.83 _bTEC 1967 |
||
| 100 | 1 | _aBenʹkovskiĭ, Dmitriī Dmitrievich. [from old catalog] | |
| 240 | 0 | 0 | _aTekhnologii︠a︡ sudoremonta. |
| 245 | 1 | 0 |
_aTechnology of ship repairing _c[by] D. Benkovsky [and] others. Translated from the Russian by T. Swiatecki] |
| 260 |
_aMoscow, _bMir Publishers _c[1967?] |
||
| 300 |
_a573 p. _billus. _c23 cm. |
||
| 650 | 0 |
_aShips _xMaintenance and repair. |
|
| 942 |
_2ddc _cBK |
||